=LDR 00000nam 2200000 4500 =001 INLIS000000000016020 =005 20210218095706 =035 ##$$a 0010-061300000016020 =008 210218################g##########0#ind## =041 ##$$a Ind =082 ##$$a 338 =090 ##$$a 338, Dia d =245 ##$$a Dialog kemitraan dan keterkaitan antara usaha besar dan kecil dalam sektor industri pengolahan =260 ##$$a Jakarta :$b Gramedia pustaka utama,$c 1992 =300 ##$$a xi, 144 hlm ; $c 21x14 cm =650 #4$$a Industri =700 #$$a Penyunting Thee Kien Wie =850 ##$$a NBPNMAT =084 ##$$a 338 DIA =250 ##$$a cet.1 =990 ##$$a 56.852/pro.93 =990 ##$$a 56.853/pro.93 =990 ##$$a 56.855/pro.93 =990 ##$$a 86.285/pro.95 =990 ##$$a 86.286/pro.95 =990 ##$$a 00090524 =990 ##$$a 86.285/pro.95 =990 ##$$a 56.852/pro.93 =990 ##$$a 56.853/pro.93 =990 ##$$a 56.855/pro.93 =990 ##$$a 86.286/pro.95 =990 ##$$a 00090524